000 00272nam a2200109Ia 4500
008 190914s9999||||xx |||||||||||||| ||und||
100 _aAndreas F. Molisch
245 0 _aWireless Communications
260 _aNew Delhi
_bTata McGraw Hill
_c1997
300 _a652
942 _cBK
999 _c9564
_d9564